Advanced Machining Processes (Record no. 591258)
[ view plain ]
| 000 -LEADER | |
|---|---|
| fixed length control field | 00407nam a22001337a 4500 |
| 020 ## - INTERNATIONAL STANDARD BOOK NUMBER | |
| International Standard Book Number | 9780367885984 |
| 040 ## - CATALOGING SOURCE | |
| Transcribing agency | NUST |
| 082 ## - DEWEY DECIMAL CLASSIFICATION NUMBER | |
| Classification number | 671.35011 MAR |
| 100 ## - MAIN ENTRY--PERSONAL NAME | |
| Personal name | Markopoulos, Angelos P. |
| Dates associated with a name | Davim, J. Paulo |
| 9 (RLIN) | 98314 |
| 245 ## - TITLE STATEMENT | |
| Title | Advanced Machining Processes |
| Remainder of title | Innovative Modeling Techniques |
| 260 ## - PUBLICATION, DISTRIBUTION, ETC. | |
| Place of publication, distribution, etc. | US: |
| Name of publisher, distributor, etc. | CRC PRESS, |
| Date of publication, distribution, etc. | 2019. |
| 650 ## - SUBJECT ADDED ENTRY--TOPICAL TERM | |
| Topical term or geographic name entry element | Advanced Machining Processes.NUSTTB2022 |
| 9 (RLIN) | 102809 |
| 942 ## - ADDED ENTRY ELEMENTS (KOHA) | |
| Source of classification or shelving scheme | |
| Koha item type | Book |
| Withdrawn status | Lost status | Source of classification or shelving scheme | Damaged status | Not for loan | Permanent Location | Current Location | Shelving location | Date acquired | Total Checkouts | Full call number | Barcode | Date last seen | Price effective from | Koha item type |
|---|---|---|---|---|---|---|---|---|---|---|---|---|---|---|
| College of Electrical & Mechanical Engineering (CEME) | College of Electrical & Mechanical Engineering (CEME) | General Stacks | 08/22/2022 | 671.35011 MAR | CEME-50831 | 08/22/2022 | 08/22/2022 | Book | ||||||
| College of Electrical & Mechanical Engineering (CEME) | College of Electrical & Mechanical Engineering (CEME) | General Stacks | 12/05/2022 | 280 SCB | CEME-50831-A | 12/05/2022 | 12/05/2022 | Book |
